Składy zwycięzców Ligi Mistrzów - 1996/97 - Statystyki

Ogólne statystyki
  • Ten quiz został rozwiązany 14 razy
  • Średni wynik to 6 z 14
Statystyki odpowiedzi
Numer Pozycja Narodowość Piłkarz % Poprawnych
18 rez. Niemcy Lars Ricken
77%
6 ŚO Niemcy Matthias Sammer
69%
9 N Szwajcaria Stephane Chapuisat
62%
19 ŚP Portugalia Paulo Sousa
54%
10 ŚPO Niemcy Andreas Moller
46%
15 ŚO Niemcy Jurgen Kohler
46%
13 N Niemcy Karl-Heinz Riedle
38%
8 rez. Niemcy Michael Zorc
38%
14 ŚP Szkocja Paul Lambert
38%
7 PP Niemcy Stefan Reuter
38%
1 BR Niemcy Stefan Klos
31%
11 rez. Niemcy Heiko Herrlich
23%
17 LP Niemcy Jorg Heinrich
23%
16 ŚO Niemcy Martin Kree
15%
Nie znaleziono quizów pasujących do podanych kryteriów
Rozkład punktacji
Procent ludzi z każdym wynikiem
Percentyl według liczby udzielonych odpowiedzi
Twoja historia wyników
Nie rozwiązałeś tego quizu